Normal view
MARC view
Entry Personal Name
001 - CONTROL NUMBER
- control field: 12040
003 - CONTROL NUMBER IDENTIFIER
- control field: ARRUPE
005 - DATE AND TIME OF LATEST TRANSACTION
- control field: 20141003125605.0
008 - FIXED-LENGTH DATA ELEMENTS
- fixed length control field: 141003|| aca||aabn | a|a d
040 ## - CATALOGING SOURCE
- Original cataloging agency: ARRUPE
- Transcribing agency: ARRUPE
100 ## - HEADING--PERSONAL NAME
- Personal name: Raven, Charles E.
- Fuller form of name: (Charles Earle),
- Dates associated with a name: 1885-1964.
670 ## - SOURCE DATA FOUND
- Source citation: Work cat.: (ARRUPE)0: Raven, Charles E. (Charles Earle), 1885-1964., Christ and the modern opportunity /, 1956.